FC Joueurs en H - Statistiques

Statistiques générales
  • Ce quiz a été pris 46 fois
  • Le résultat moyen est 5 sur 11
Statistiques - réponses
Poste Nationalité 2 clubs phares Joueur % Correct
BUG Norvège RB Salzburg/Manchester City Erling Haaland
95%
MG Belgique LOSC/Réal Madrid Eden Hazard
93%
BUD Argentine Réal Madrid/Juventus Gonzalo Higuain
86%
MCG Angleterre Liverpool/Ajax Amsterdam Jordan Henderson
69%
G Finlande Eintracht Francfort/Bayer Leverkusen Lukas Hradecky
57%
DC Espagne Réal Valladolid/Réal Madrid Fernando Hierro
50%
MCD Allemagne FSV Mainz/Bayer Leverkusen Jonas Hofmann
19%
DCD Espagne Espanyol Barcelone/Bayer Leverkusen Mario Hermoso
17%
MDC Allemagne FC Cologne Jonas Hector
12%
DCG Autriche FC Augsburg/Eintracht Francfort Martin Hinteregger
10%
MD Allemagne TSG Hoffenheim/Borussia Mönchengladbach Robin Hack
2%
Aucun quiz correspondant
Distribution des résultats
% des personnes avec chaque résultat
Percentile par nombre de réponses
Votre historique - résultats
Vous n’avez pas pris ce quiz